| 000 | 00498nam a2200169 i 4500 | ||
|---|---|---|---|
| 001 | bg | ||
| 245 | 1 | 0 |
_aFilozofia : _bzarys dziejów. _nT. 2, _pOntologia, teoria poznania i ogólna metodologia nauk / _cKarol Matraszek [et al.]. |
| 260 |
_aWarszawa : _bPaństwowe Wydaw. Naukowe, _c1989. |
||
| 300 |
_a183, [1] s. ; _c21 cm. |
||
| 020 | _a8301090316 | ||
| 040 | _cBPK | ||
| 041 | _apol | ||
| 080 | _a1(091) | ||
| 920 | _a83-01-09031-6 | ||
| 942 | _cKS | ||
| 008 | s pl f |000 0 pol | ||
| 999 |
_c28877 _d28877 |
||
| 856 |
_uhttp://koha.tu.koszalin.pl/cgi-bin/koha/opac-detail.pl?biblionumber=28877 _yKatalog online BPK |
||